000 00553nam a2200217Ia 4500
003 OSt
005 20220928144647.0
006 a|||||r|||| 00| 0
007 ta
008 220927b |||||||| |||| 00| 0 eng d
024 _a72734
037 _cTextual
040 _aSDCL
_cSDCL
_beng
041 _2eng
_aeng
082 _aX:71, M3
100 _aCarroll Thomas M
_9508888
245 0 _aMicroeconomic theory
_b Concepts and applications.
260 _c1983
942 _hX:71, M3
_cTEXL
_2CC
999 _c828720
_d828720